| 000 | 00347 a2200157 4500 | ||
|---|---|---|---|
| 001 | 49567 | ||
| 020 | _a | ||
| 040 | _cAnchieta - Bela Vista | ||
| 100 | _aKlaumann,Ivany | ||
| 240 | 1 | 0 |
_aSe essa rua fosse minha _lpor |
| 245 | 1 | 0 | _aSe essa rua fosse minha |
| 300 | _a66 | ||
| 362 | 0 | _a2012 | |
| 650 | 4 | _aLiteratura infanto-juvenil | |
| 942 | _cBK | ||
| 999 |
_c49567 _d49567 |
||